Filmographie - Martin Scorsese - Statistiques

Statistiques générales
  • Ce quiz a été pris 60 fois
  • Le résultat moyen est 14 sur 26
Statistiques - réponses
Par images Réponse % Correct
Taxi Driver
98%
Le Loup de Wall Street / The Wolf of Wall Street
96%
Casino
89%
Raging Bull
88%
Shutter Island
88%
Aviator / The Aviator
84%
Les affranchis / Goodfellas
82%
Les Infiltrés / The Departed
77%
The Irishman
70%
Gangs of New York
68%
Killers of the flower moon
66%
Mean Streets
54%
Hugo / Hugo Cabret
52%
La Dernière Tentation du Christ / The Last Temptation of Christ
52%
La valse des pantins / The King of Comedy
45%
Silence
39%
Les nerfs à vif / Cape Fear
38%
After Hours
36%
New York, New York
36%
La couleur de l'argent / The Color of Money
27%
À tombeau ouvert / Bringing Out the Dead
23%
Alice n'est plus ici / Alice Doesn’t Live Here Anymore
20%
Kundun
16%
Le Temps de l'innocence / The Age of Innocence
16%
Bertha Boxcar / Boxcar Bertha
13%
Who’s That Knocking at My Door / I call first
11%
Aucun quiz correspondant
Distribution des résultats
% des personnes avec chaque résultat
Percentile par nombre de réponses
Votre historique - résultats
Vous n’avez pas pris ce quiz